| 000 | 00632nam a22001937a 4500 | ||
|---|---|---|---|
| 003 | OSt | ||
| 005 | 20221110175827.0 | ||
| 008 | 221006b |||||||| |||| 00| 0 eng d | ||
| 040 | _cBiblioteca Lado V | ||
| 082 |
_a708 _bK93s |
||
| 100 |
_9367 _aKronfle Chambers, Rodolfo _eeditor |
||
| 245 | _aSalón de Julio 2005/ | ||
| 260 |
_aMexico _bMuseo Municipal de Guayaquil _c2005 |
||
| 300 |
_c18x22cm _a102p. |
||
| 650 |
_2Tesauro de Arte & Arquitectura _aBIENALE |
||
| 650 |
_2Tesauro de Arte & Arquitectura _aARTE |
||
| 650 |
_2Tesauro de Arte & Arquitectura _aARTE DE SINGAPURE |
||
| 942 |
_2ddc _c1 _h708 _iK93s _n0 |
||
| 999 |
_c2563 _d2563 |
||